书目信息 |
| 题名: |
民主主义与教育
|
|
| 作者: | 杜威 , 杜威 著 ;王承绪, 译 | |
| 分册: | ||
| 出版信息: | 北京 人民教育出版社 2001 |
|
| 页数: | 400页 | |
| 开本: | 21cm | |
| 丛书名: | 外国教育名著丛书 | |
| 单 册: | ||
| 中图分类: | G40-06 | |
| 科图分类: | ||
| 主题词: | 实用主义教育--shi yong zhu yi jiao yu--教育理论 | |
| 电子资源: | ||
| ISBN: | 7-107-10687-2 | |
| 000 | 01034nam 2200289 450 | |
| 001 | CAL 012002183627 | |
| 005 | 20061121144338.78 | |
| 010 | @a7-107-10687-2@dCNY 28.40 | |
| 099 | @aCAL 012002183627 | |
| 100 | @a20020919d2001 em y0chiy0121 ea | |
| 101 | 1 | @achi@ceng |
| 102 | @aCN@b110000 | |
| 105 | @acf z 000yd | |
| 200 | 1 | @a民主主义与教育@Amin zhu zhu yi yu jiao yu@f(美)杜威著@F(mei)du wei zhu@g王承绪译 |
| 210 | @a北京@c人民教育出版社@d2001 | |
| 215 | @a400页@c图, 肖像@d21cm | |
| 225 | 2 | @a外国教育名著丛书@Awai guo jiao yu ming zhu cong shu |
| 330 | @a本书全面阐述了作者的实用主义教育理论,把民主的思想引入教育,就教育的本质、目的、内容、方法、教材等问题提出了独特的见解。 | |
| 410 | 0 | @12001 @a外国教育名著丛书 |
| 606 | 0 | @a实用主义教育@Ashi yong zhu yi jiao yu@x教育理论 |
| 690 | @aG40-06@v4 | |
| 701 | 0 | @a杜威@Adu wei@4著 |
| 701 | 1 | @a杜威@ADuwei@g(Dewey, John),@f1859-1952@4著 |
| 702 | 0 | @a王承绪,@AWang Chengxu@f1912-@4译 |
| 801 | @aCN@c20061121 | |
| 905 | @a10447@dG40-06@eD863 | |
| 998 | @aWUST | |
| 民主主义与教育/(美)杜威著/王承绪译.-北京:人民教育出版社,2001 |
| 400页:图, 肖像;21cm.-(外国教育名著丛书) |
| ISBN 7-107-10687-2:CNY 28.40 |
| 本书全面阐述了作者的实用主义教育理论,把民主的思想引入教育,就教育的本质、目的、内容、方法、教材等问题提出了独特的见解。 |
| ● |
| 相关链接 |
|
|
|
正题名:民主主义与教育
索取号:G40-06/D863
 
预约/预借
| 序号 | 登录号 | 条形码 | 馆藏地/架位号 | 状态 | 备注 |
| 1 | 613172 | 206131728 | 社科库409/409社科库 1排4列3层/ [索取号:G40-06/D863] | 在馆 | |
| 2 | 613173 | 206131737 | 社科库409/409社科库 1排4列3层/ [索取号:G40-06/D863] | 在馆 | |
| 3 | 613174 | 206131746 | 社科库409/409社科库 1排4列3层/ [索取号:G40-06/D863] | 在馆 |